| 000 | 00419nam a2200133Ia 4500 | ||
|---|---|---|---|
| 008 | 231129s1982||||xx |||||||||||||| ||spa|| | ||
| 040 | _bspa | ||
| 082 | _a613.7 T189d | ||
| 100 | _aTarnower Herman | ||
| 245 | 0 | _aLa dieta médica Scarsdale completa : más el programa del Dr. Tarnower para mantenerse delgado toda la vida | |
| 260 | _c1982 | ||
| 264 | _aBogotá Colombia : Círculo de Lectores | ||
| 942 |
_2ddc _cBKS |
||
| 999 |
_c16859 _d16859 |
||